Poética musical
সংরক্ষণ করুন:
| প্রধান লেখক: | |
|---|---|
| বিন্যাস: | গ্রন্থ |
| ভাষা: | স্প্যানিশ |
| প্রকাশিত: |
Buenos Aires
Emecé
1952
|
| সংস্করন: | 2a. ed |
| বিষয়গুলি: | |
| ট্যাগগুলো: |
ট্যাগ যুক্ত করুন
কোনো ট্যাগ নেই, প্রথমজন হিসাবে ট্যাগ করুন!
|
MARC
| LEADER | 00000cam a2200000 a 4500 | ||
|---|---|---|---|
| 001 | UCV8850 | ||
| 003 | CL-VaPUC | ||
| 005 | 20231024084124.0 | ||
| 008 | 911219e19520000AG |||||||||||||||||spa|d | ||
| 999 | |c 214283 |d 214281 | ||
| 040 | |c Pontificia Universidad Católica de Valparaíso | ||
| 082 | 0 | 4 | |a 781 STR 1952 |2 21 |
| 100 | 0 | |a Stravinsky, Igor Federovich |e author |9 302834 | |
| 245 | 1 | 0 | |a Poética musical |
| 250 | |a 2a. ed | ||
| 260 | |a Buenos Aires |b Emecé |c 1952 | ||
| 300 | |a 126 p | ||
| 583 | |a last modification |c 20131002 09:05:44 |k Rodrigo Vera | ||
| 650 | 0 | |a Análisis musical |9 267228 | |
| 650 | 0 | |a Teoría musical |9 265760 | |
| 650 | 0 | |a Estética |9 264950 | |
| 942 | |c BK |2 ddc | ||
| 945 | |d 19911219 00:00:00 | ||
| 952 | |0 0 |1 0 |4 0 |6 781_000000000000000_STR_1952 |7 0 |8 A |9 197487 |a BIBARQ |b BIBARQ |d 2019-11-14 |i 2651661 |l 2 |o 781 STR 1952 |p 2651661 |r 2025-01-20 |s 2020-03-13 |w 2019-11-14 |y BK |k ARQ | ||
| 952 | |0 0 |1 0 |2 ddc |3 erb |4 0 |6 781_000000000000000_STR_1952 |7 0 |8 A |9 197488 |a BIBEDU |b BIBEDU |d 2019-11-14 |i 5008441 |l 4 |o 781 STR 1952 |p 5008441 |r 2025-05-05 |s 2025-04-11 |w 2019-11-14 |y BK |z Catalogado en:20131004 |k MUS | ||